Dlhodobý majetok v účtovníctve vybraného podniku
Charakteristika dlhodobého majetku. Dlhodobý hmotný majetok, jeho oceňovanie, odpisovanie a vyraďovanie. Dlhodobý nehmotný majetok, jeho oceňovanie, odpisovanie a vyraďovanie. Dlhodobý finančný majetok a jeho oceňovanie. Slovenská legislatíva.
Salvato in:
| Autore principale: | |
|---|---|
| Altri autori: | |
| Natura: | Capitolo di libro |
| Lingua: | slovacco |
| Soggetti: | |
| Tags: |
Nessun Tag, puoi essere il primo ad aggiungerne!!
|
MARC
| LEADER | 00000nla a2200000 4500 | ||
|---|---|---|---|
| 001 | 0240526 | ||
| 005 | 20240502073917.9 | ||
| 041 | 0 | |a slo | |
| 044 | |a SK | ||
| 245 | 1 | 0 | |a Dlhodobý majetok v účtovníctve vybraného podniku |c Nikola Hybenová, Eduard Skrypachov |
| 520 | |a Charakteristika dlhodobého majetku. Dlhodobý hmotný majetok, jeho oceňovanie, odpisovanie a vyraďovanie. Dlhodobý nehmotný majetok, jeho oceňovanie, odpisovanie a vyraďovanie. Dlhodobý finančný majetok a jeho oceňovanie. Slovenská legislatíva. | ||
| 610 | 2 | 0 | |a podnik |
| 610 | 2 | 0 | |a účtovníctvo |
| 610 | 2 | 0 | |a účtovanie |
| 610 | 2 | 0 | |a oceňovanie |
| 610 | 2 | 0 | |a majetok |
| 610 | 2 | 0 | |a majetok dlhodobý |
| 610 | 2 | 0 | |a majetok hmotný |
| 610 | 2 | 0 | |a majetok finančný |
| 610 | 2 | 0 | |a účty |
| 610 | 2 | 0 | |a odpisy |
| 610 | 2 | 0 | |a odpisy daňové |
| 610 | 2 | 0 | |a odpisy účtovné |
| 610 | 2 | 0 | |a legislatíva |
| 610 | 2 | 0 | |a Slovensko |
| 100 | 1 | |a Hybenová, Nikola | |
| 700 | 1 | |a Skrypachov, Eduard, 1990- | |